U.K. General Knowledge MC #6 - Statistics

General Stats
  • This quiz has been taken 1,103 times
  • The average score is 8 of 15
Answer Stats
Question Answer % Correct
The Oval is known for hosting which sport ? Cricket
97%
The code number 00 in James Bond's 007 has what meaning? Licence to Kill
87%
Mary Quant is generally accepted as being the inventor of what item of clothing? Mini Skirt
87%
In London, the test to achieve the right to drive a Black Taxi is called what ? The Knowledge
86%
Which river flows through the towns of Stoke, Nottingham and Newark ? Trent
85%
The Domesday Book is the first known survey of most of the U.K., in what year was it produced ? 1086
54%
Robert Baden-Powell started the Boy Scout Movement in 1907 on which island ? Brownsea Island
48%
The seaside resort of Blackpool has how many piers ? 3
46%
The largest cave system in the U.K. at (currently)11 miles long is Dan Yr Ogof, in which National Park ? Brecon Beacons
46%
Since the BBC TV series started in 1963, how many actors have played Dr.Who ? 13
41%
L.S.Lowry's "Matchstick Men" paintings generally depicted the people of which city ? Salford
41%
During what age was Stonehenge thought to have been constructed? Bronze Age
31%
The first music festival held in Glastonbury was in 1970, what was the first headline act ? T.Rex
29%
How long in miles is Hadrian's Wall ? 73
25%
The 1986 XIII Commonwealth Games were held in which city ? Edinburgh
25%
No matching quizzes found
Score Distribution
Percent of People with Each Score
Percentile by Number Answered
Your Score History
You have not taken this quiz